00431nam a2200169 a 450000100060000000300090000600800410001502000150005604000280007108200150009910000170011424500270013126000370015830000080019549000280020365000300023113959CO-ViMGA141112s2004 ck r 000 u spa d a8482807005 aCO-ViMGAbspacCO-ViMGA04a843.8 V3751 aVerne, Julio10aDe la tierra a la luna aBogotá : bOveja Negra, c1984 a191 aBiblioteca de Aventuras14aNOVELA - JUVENIL FRANCESA